| 000 | 00821nam a2200265 a 4500 | ||
|---|---|---|---|
| 003 | MX-MxUPN | ||
| 005 | 20260427092237.0 | ||
| 007 | ta | ||
| 008 | 260326s1990 |||a||||r ||| 000 0 spa d | ||
| 020 | _a9684302479 | ||
| 040 |
_aMX-MxUPN _bspa |
||
| 041 | 0 | _aspa | |
| 050 | 1 | 4 |
_aLB1645 M61 _bV35 1990 |
| 100 | 1 |
_aValdéz Guzmán, Jaime Heriberto _959370 |
|
| 110 | 1 |
_aSánchez Aguirre, Bertha Alejandra _959373 |
|
| 245 | 1 | 0 |
_aElementos de matemática 1 : _beducación media básica |
| 250 | _aSegunda edición | ||
| 260 |
_aMéxico, D.F. : _bNutesa, _c1990. |
||
| 300 | _a152 páginas | ||
| 500 | _aDonación | ||
| 650 | 4 |
_aMatemáticas _xEstudio y enseñanza (Secundaria) _94860 |
|
| 650 | 4 |
_aMatemáticas _vLibros de texto _919875 |
|
| 902 |
_aMarielOrtiz/260326 _bJohanaAllegre/270426 |
||
| 942 |
_2lcc _cLIBRO _n0 |
||
| 999 |
_c214900 _d214900 |
||